Locomotorisch stelsel en huid - craniale zenuwen - Statistieken

Algemene statistieken
  • Deze quiz is 100 keer genomen
  • De gemiddelde score is 20 van 30
Antwoordstatistieken
Hint Antwoord % Correct
Subtak van V2, komt langs het foramen infraorbitale in de huid van onderste ooglid, neus en bovenlip terecht. Nervus infraorbitalis
100%
Craniale zenuw XII Nervus hypoglossus
92%
Craniale zenuw III Nervus oculomotorius
92%
Craniale zenuw I Nervus olfactorius
92%
Craniale zenuw VIII Nervus vestibulocochlearis
91%
De nervus accessorius verlaat de schedel langs ... Foramen jugulare
90%
"De dwalende zenuw" Nervus vagus
89%
Deze zenuw staat in voor het parasympathisch zenuwstelsel Nervus vagus
89%
Deze zenuw innerveert de m. rectus lateralis Nervus abducens
88%
Craniale zenuw VII Nervus facialis
88%
Deze zenuw innerveert de m. trapezius Nervus accessorius
87%
Craniale zenuw V Nervus trigeminus
86%
Deze zenuw innerveert huid en slijmvlies van de wangen Nervus buccalis
83%
De nervus zygomaticus gaat van schedel naar orbita langs ... Fissura orbitalis inferior
82%
Craniale zenuw V3 Nervus mandibularis
82%
Craniale zenuw IV Nervus trochlearis
81%
Bovenste tak van de nervus facialis Ramus superior
80%
Deze zenuw innerveert de m. sternocleidomastoideus Nervus accessorius
79%
Deze zenuw innerveert het voorste deel van de buitenste gehoorgang, het uitwendige deel van het trommelvlies, het voorste deel van de oorschelp en het kauwgewricht Nervus auriculotemporalis
79%
Deze zenuw staat in voor de tongbeweging Nervus hypoglossus
79%
Craniale zenuw V2 Nervus maxillaris
79%
Craniale zenuw II Nervus opticus
78%
De nervus glossopharyngeus verlaat de schedel langs ... Foramen jugulare
77%
Deze zenuw staat in voor het zicht Nervus opticus
77%
Craniale zenuw X Nervus vagus
77%
De nervus vagus verlaat de schedel langs ... Foramen jugulare
75%
Craniale zenuw V2 verlaat de schedel langs ... Foramen rotundum
75%
Deze zenuw staat in voor de sensorische bezenuwing van de achterzijde van de tong, de tonsillen en de farynx Nervus glossopharyngeus
75%
Tak van V1, innerveert de traanklier en de huid van de laterale ooghoek Nervus lacrimalis
75%
Deze zenuw staat in voor de reukzin Nervus olfactorius
75%
Tak van V1, verzorgt sensibele innervatie van het voorhoofd Nervus frontalis
73%
Deze zenuw innerveert de m. rectus medialis Nervus oculomotorius
73%
Deze zenuw innerveert het platysma Nervus facialis
71%
Deze zenuw innerveert de frontaalspier Nervus facialis
71%
Craniale zenuw IX Nervus glossopharyngeus
71%
Deze zijtak van de nervus vagus eindigt in de larynx voor alle larynxspieren behalve één Nervus laryngeus recurrens
71%
Deze zenuw innerveert de m. obliquus inferior Nervus oculomotorius
71%
Deze zenuw innerveert de m. rectus medialis Nervus oculomotorius
70%
V3 beschikt ook over ... om de vier kauwspieren te innerveren Musculaire takken
69%
Craniale zenuw VI Nervus abducens
69%
Deze zenuw innerveert de mimische spieren Nervus facialis
69%
Zijtak van de nervus vagus, zorgt voor sensibele innervatie van het dorsale en caudale deel van het trommelvlies en de gehoorgang, van de oorschelp Ramus auricularis
69%
Tak van V1, innerveert delen van de neus en mediale ooghoek Nervus nasociliaris
67%
Deze zenuw innerveert de m. obliquus superior Nervus trochlearis
67%
Craniale zenuw V3 verlaat de schedel langs ... Foramen ovale
64%
Deze zenuw (tak van VII) innerveert de spieren van de oorschelp Nervus auricularis posterior
64%
Deze zenuw innerveert het binnenoor Nervus vestibulocochlearis
64%
De motorische oogzenuwen verlaten de schedel langs ... Fissura orbitalis superior
63%
Deze craniale zenuw innerveert de m. thyrohyoideus Nervus hypoglossus
63%
De nervus mentalis verlaat de mandibula langs ... Foramen mentale
62%
De nervus vestibulocochlearis verlaat de schedel langs ... Meatus acusticus internus
60%
Craniale zenuw XI Nervus accessorius
60%
Deze zenuw innerveert de kin (eindtak) Nervus mentalis
60%
Subtak van V1, innerveert de huid van de neusvleugel en neuspunt Nervus ethmoidalis anterior
58%
Onderste tak van de nervus facialis Ramus inferior
58%
Craniale zenuw V1 verlaat de schedel langs ... Fissura orbitalis superior
57%
Subtak van V1, nnerveert de huid rond de mediale ooghoek Nervus infratrochlearis
57%
Craniale zenuw V1 Nervus ophthalmicus
55%
Subtak van V2, innerveert het laterale deel van het aangezicht Nervus zygomaticus
55%
Zijtak van de nervus hypoglossus, anastomoseert met de ansa cervicalis, innerveert infrahyoidale spieren Radix superior ansae cervicalis
54%
De nervus facialis verlaat de schedel langs ... Foramen stylomastoideum
53%
De nervus zygomaticus verlaat de orbita langs ... Foramen zygomatico-orbitale
53%
Eindtak van subtak van V1, innerveert o.a. de huid van de neusvleugel en de neuspunt Ramus nasalis externus
53%
Deze zenuw staat in voor de motore bezenuwing van de farynx (slikbeweging) Nervus glossopharyngeus
50%
Deze craniale zenuw innerveert de m. geniohyoideus Nervus hypoglossus
50%
Deze zenuw innerveert de m. rectus medialis Nervus oculomotorius
50%
Deze zenuw (tak van VII) innerveert de m. stylohyoideus Nervus auricularis posterior
47%
Deze zenuw (tak van VII) innerveert de venter posterior van de m. digastricus Nervus auricularis posterior
47%
Deze zijtak van VIII innerveert het gehooororgaan Ramus cochlearis
45%
Deze zijtak van de nervus hypoglossus innerveert de m. thyrohyoideus Ramus thyrohyoideus
45%
Deze zenuw innerveert de kin (begintak) en de m. mylohyoideus Nervus alveolaris inferior
43%
De nervus hypoglossus verlaat de schedelholte langs ... Canalis hypoglossi
40%
Deze zijtak van de nervus vagus is sensibel voor de larynx en innerveert de m. cricothyroideus en een deel van de farynxspieren Nervus laryngeus superior
38%
Deze zijtak van VIII innerveert het evenwichtsorgaan Ramus vestibularis
38%
Deze zenuw, onderdeel van craniale zenuw VII, is sensibel voor het voorste 2/3 van de tong Nervus intermedius OF Nervus intermediofacialis
31%
Anastomosen van de eindtakken van de nervus facialis Plexus parotideus
18%
Geen overeenkomende quizzen gevonden
Scoreverdeling
Procent van Mensen met Elke Score
Percentiel versus Aantal Correcte Antwoorden
Uw Scoregeschiedenis
U heeft deze quiz nog niet genomen